[Event "16th Capablanca Memorial group B"]
[Site "Cienfuegos CUB"]
[Date "1980.05.26"]
[Round "5"]
[White "Armas, Jorge"]
[Black "Diaz Diaz, Joaquin"]
[Result "1-0"]
[WhiteElo "2415"]
[BlackElo "2400"]
[EventDate "1980.05.20"]
[PlyCount "89"]

1.e4 e6 2.d3 d5 3.Nd2 Nf6 4.Ngf3 c5 5.g3 Nc6 6.Bg2 Be7 7.O-O O-O 8.Re1 Qc7
9.e5 Nd7 10.Qe2 b5 11.Nf1 a5 12.Bf4 Ba6 13.h4 h6 14.N1h2 Kh7 15.c3 Rh8 16.
Bh3 Kg8 17.Ng4 Kf8 18.h5 Qb7 19.Rab1 Nb6 20.Bg2 Rd8 21.Ne3 Rd7 22.Rec1 Qa8
23.Qe1 Qd8 24.d4 c4 25.g4 b4 26.Bg3 g6 27.Nh2 Bh4 28.f4 Bxg3 29.Qxg3 Qe7 
30.Qh3 Ke8 31.hxg6 fxg6 32.f5 Kd8 33.Rf1 gxf5 34.gxf5 exf5 35.Rxf5 Kc7 36.
Rf2 h5 37.Rbf1 bxc3 38.bxc3 Qa3 39.Qe6 Bb7 40.Rf7 Ne7 41.Nc2 Qxc3 42.Rxe7 
Qxc2 43.Qd6+ Kc8 44.Bh3 Rg8+ 45.Kh1 1-0

[Event "16th Capablanca Memorial group B"]
[Site "Cienfuegos CUB"]
[Date "1980.05.26"]
[Round "5"]
[White "Estevez Morales, Guillermo"]
[Black "Zapata Ramirez, Alonso"]
[Result "1/2-1/2"]
[WhiteElo "2390"]
[BlackElo "2410"]
[EventDate "1980.05.20"]
[PlyCount "81"]

1.d4 Nf6 2.c4 g6 3.Nc3 Bg7 4.e4 d6 5.Nf3 O-O 6.Be2 e5 7.O-O Nbd7 8.Re1 c6 
9.Bf1 exd4 10.Nxd4 Ng4 11.Qxg4 Bxd4 12.Qd1 Qf6 13.Be3 Bxe3 14.Rxe3 Ne5 15.
h3 h5 16.Qd2 Kg7 17.Rd1 Be6 18.b3 Rad8 19.Ne2 d5 20.f4 Nd7 21.cxd5 cxd5 
22.e5 Qh4 23.Qb4 Rc8 24.g3 Qd8 25.Nd4 Nc5 26.Bg2 Qd7 27.Kh2 Rc7 28.Qb5 
Rfc8 29.Rc3 a6 30.Qxd7 Nxd7 31.Rxc7 Rxc7 32.Bf3 Rc3 33.Kg2 Nc5 34.g4 hxg4 
35.hxg4 Bd7 36.f5 gxf5 37.gxf5 Bc6 38.Kg3 Rd3 39.Rxd3 Nxd3 40.e6 fxe6 41.
fxe6 1/2-1/2

[Event "16th Capablanca Memorial group B"]
[Site "Cienfuegos CUB"]
[Date "1980.05.26"]
[Round "5"]
[White "Groszpeter, Attila"]
[Black "Ftacnik, Lubomir"]
[Result "0-1"]
[WhiteElo "2480"]
[BlackElo "2470"]
[EventDate "1980.05.20"]
[PlyCount "75"]

1.e4 c5 2.f4 g6 3.Nf3 Bg7 4.Be2 e6 5.O-O Ne7 6.d3 O-O 7.c3 b6 8.Be3 Bb7 9.
Nbd2 d5 10.Kh1 Nbc6 11.Rc1 f5 12.e5 d4 13.cxd4 Nd5 14.Bg1 Nxf4 15.dxc5 
Nxe5 16.d4 Ned3 17.Bxd3 Nxd3 18.c6 Bc8 19.Rc3 Nf4 20.Qb3 Nd5 21.Rcc1 Bh6 
22.Rcd1 a5 23.a3 Qd6 24.Ne5 Ba6 25.Rfe1 Rfc8 26.h3 Bf4 27.Bh2 Bxh2 28.Kxh2
Rxc6 29.Qg3 Rc2 30.Ndf3 Bb7 31.h4 Nf6 32.Rd2 Rxd2 33.Nxd2 Qxd4 34.Qg5 Rf8 
35.h5 Ne4 36.Nxe4 Qxe5+ 37.Ng3 Qxe1 38.Qe7 0-1

[Event "16th Capablanca Memorial group B"]
[Site "Cienfuegos CUB"]
[Date "1980.05.26"]
[Round "5"]
[White "Radulov, Ivan"]
[Black "Ortega, Lexy"]
[Result "0-1"]
[WhiteElo "2465"]
[BlackElo "2380"]
[EventDate "1980.05.20"]
[PlyCount "80"]

1.c4 e6 2.Nf3 Nf6 3.g3 b6 4.Bg2 Bb7 5.O-O c5 6.Nc3 Be7 7.b3 O-O 8.Bb2 d6 
9.e3 Nbd7 10.d4 Ne4 11.Rc1 Ndf6 12.Nxe4 Bxe4 13.Qe2 Qc7 14.Rfd1 Qb7 15.Ne1
Bxg2 16.Nxg2 Rac8 17.d5 exd5 18.Bxf6 Bxf6 19.Rxd5 Be7 20.Nf4 Rfe8 21.h4 
Bf8 22.Rcd1 a6 23.Qc2 b5 24.Qd3 Rb8 25.Rc1 Qe7 26.Qd2 Qe4 27.Rd3 Qf3 28.
Qd1 Qxd1+ 29.Rdxd1 Re4 30.Nd5 f5 31.Kf1 Kf7 32.Ke2 g6 33.Kd3 h5 34.Rc2 Bh6
35.Re1 Rbe8 36.Rce2 bxc4+ 37.bxc4 Rb8 38.f3 Re5 39.Rf1 Bg7 40.Kc2 Rxd5 0-1

[Event "16th Capablanca Memorial group B"]
[Site "Cienfuegos CUB"]
[Date "1980.05.26"]
[Round "5"]
[White "Remon Gay, Adelquis"]
[Black "Knaak, Rainer"]
[Result "0-1"]
[WhiteElo "2395"]
[BlackElo "2535"]
[EventDate "1980.05.20"]
[PlyCount "84"]

1.d4 Nf6 2.c4 e6 3.Nc3 Bb4 4.e3 O-O 5.Bd3 d5 6.Nf3 c5 7.O-O cxd4 8.exd4 
dxc4 9.Bxc4 b6 10.Qe2 Bb7 11.Rd1 Nbd7 12.a3 Bxc3 13.bxc3 Qc7 14.Bd2 Ng4 
15.Bd3 Bxf3 16.Qxf3 Qxh2+ 17.Kf1 Qh5 18.Ke2 Ngf6 19.Qxh5 Nxh5 20.f4 f5 21.
c4 Rfd8 22.Be3 g6 23.a4 a5 24.Rab1 Rac8 25.Rdc1 Nhf6 26.Rb5 Rc6 27.Rcb1 
Rdc8 28.d5 exd5 29.cxd5 Rd6 30.Rc1 Rxc1 31.Bxc1 Nc5 32.Bc4 Nfe4 33.Bb2 
Nxa4 34.Be5 Nac3+ 35.Ke3 Nxb5 36.Bxb5 Kf7 37.Kd4 Ke7 38.g4 Nf6 39.Bxd6+ 
Kxd6 40.gxf5 gxf5 41.Bd3 Nxd5 42.Bxf5 h6 0-1

[Event "16th Capablanca Memorial group B"]
[Site "Cienfuegos CUB"]
[Date "1980.05.26"]
[Round "5"]
[White "Sisniega Campbell, Marcel"]
[Black "Vilela de Acuna, Jose Luis"]
[Result "1-0"]
[WhiteElo "2420"]
[BlackElo "2410"]
[EventDate "1980.05.20"]
[PlyCount "65"]

1.e4 c5 2.Nf3 d6 3.d4 cxd4 4.Nxd4 Nf6 5.Nc3 e6 6.f4 a6 7.Bd3 Nc6 8.Nxc6 
bxc6 9.e5 dxe5 10.fxe5 Nd7 11.Bf4 Qb6 12.Ne4 Nc5 13.Qf3 Be7 14.Nxc5 Bxc5 
15.O-O-O Rb8 16.b3 Ba3+ 17.Kb1 Qd4 18.c3 Qxc3 19.Rd2 Bb7 20.Rc2 Qd4 21.Rd1
c5 22.Qg4 Be4 23.Bxe4 Qxe4 24.Qxg7 Rf8 25.Qf6 Qg6 26.Bg5 Qxf6 27.Bxf6 Bb4 
28.g4 h6 29.h4 Rg8 30.g5 hxg5 31.h5 c4 32.h6 cxb3 33.axb3 1-0

[Event "16th Capablanca Memorial group B"]
[Site "Cienfuegos CUB"]
[Date "1980.05.27"]
[Round "6"]
[White "Diaz Diaz, Joaquin"]
[Black "Estevez Morales, Guillermo"]
[Result "1-0"]
[WhiteElo "2400"]
[BlackElo "2390"]
[EventDate "1980.05.20"]
[PlyCount "82"]

1.e4 c5 2.Nf3 d6 3.d4 cxd4 4.Nxd4 Nf6 5.Nc3 g6 6.Bc4 Bg7 7.h3 O-O 8.Bb3 
Na6 9.O-O Nc5 10.Re1 a6 11.Bg5 h6 12.Bh4 e5 13.Bxf6 Qxf6 14.Nf3 Nxb3 15.
axb3 Bd7 16.Qd3 Bc6 17.Rad1 Rad8 18.Nd5 Qe6 19.Nh4 Bf6 20.Nf3 Kg7 21.Rd2 
Be7 22.Qc3 Bxd5 23.Rxd5 Rc8 24.Qd3 Rc6 25.b4 Rfc8 26.c3 b5 27.Re2 h5 28.
Nd2 Bd8 29.Nb3 Kf8 30.Rd2 Bc7 31.Kh2 Qf6 32.Kh1 Kg7 33.Nc1 g5 34.Ne2 h4 
35.Ng1 Bb6 36.Nf3 Rd8 37.Nh2 Qg6 38.Ng4 f6 39.b3 Qf7 40.c4 bxc4 41.bxc4 
Bd4 1-0

[Event "16th Capablanca Memorial group B"]
[Site "Cienfuegos CUB"]
[Date "1980.05.27"]
[Round "6"]
[White "Ftacnik, Lubomir"]
[Black "Sisniega Campbell, Marcel"]
[Result "1-0"]
[WhiteElo "2470"]
[BlackElo "2420"]
[EventDate "1980.05.20"]
[PlyCount "89"]

1.c4 Nf6 2.Nf3 e6 3.g3 b6 4.Bg2 Bb7 5.O-O Be7 6.d3 d5 7.b3 c5 8.Bb2 Nc6 9.
e3 O-O 10.Qe2 a6 11.Nc3 dxc4 12.bxc4 Qc7 13.Rfd1 Rfd8 14.Rab1 Nd7 15.Ne1 
Bf6 16.f4 Na7 17.Bxb7 Qxb7 18.a4 Nc6 19.Nc2 Nb4 20.Ba1 a5 21.Na3 Nf8 22.
Nab5 Rd7 23.Rd2 Rad8 24.Rbd1 Ng6 25.e4 Qc6 26.e5 Be7 27.Ne4 Bf8 28.Bc3 Ne7
29.Qf3 Kh8 30.g4 Ng6 31.f5 Nh4 32.Qh3 exf5 33.gxf5 Qh6 34.Nbd6 f6 35.d4 
cxd4 36.Bxd4 Nc6 37.Bf2 Nxe5 38.Nf7+ Rxf7 39.Rxd8 Qf4 40.Nd6 Nhf3+ 41.Kh1 
Kg8 42.Bg3 Qg5 43.Bxe5 Nxe5 44.Nxf7 Kxf7 45.c5 1-0

[Event "16th Capablanca Memorial group B"]
[Site "Cienfuegos CUB"]
[Date "1980.05.27"]
[Round "6"]
[White "Knaak, Rainer"]
[Black "Groszpeter, Attila"]
[Result "1-0"]
[WhiteElo "2535"]
[BlackElo "2480"]
[EventDate "1980.05.20"]
[PlyCount "83"]

1.d4 Nf6 2.c4 e6 3.Nc3 Bb4 4.e3 O-O 5.Bd3 c5 6.Nf3 d5 7.O-O dxc4 8.Bxc4 
cxd4 9.exd4 b6 10.Bg5 Bb7 11.Re1 Nbd7 12.Rc1 Rc8 13.Qb3 Ba5 14.Ne5 Nxe5 
15.dxe5 Qd4 16.Bxe6 Ne4 17.Rxe4 Bxe4 18.Bxc8 Rxc8 19.Rd1 Qxe5 20.Qc4 Re8 
21.f4 Qc5+ 22.Qxc5 bxc5 23.Nxe4 Rxe4 24.Bd8 Re1+ 25.Rxe1 Bxe1 26.b3 f5 27.
Kf1 Bd2 28.Bc7 Kf7 29.Ke2 Bc1 30.Kd3 Ke6 31.Kc4 Be3 32.Kb5 Kd5 33.Bb8 a6+ 
34.Kxa6 Kc6 35.a3 Bd2 36.Be5 g6 37.g3 Be1 38.Bg7 Bd2 39.Bf8 Bc3 40.b4 cxb4
41.axb4 Kd5 42.b5 1-0

[Event "16th Capablanca Memorial group B"]
[Site "Cienfuegos CUB"]
[Date "1980.05.27"]
[Round "6"]
[White "Ortega, Lexy"]
[Black "Nogueiras Santiago, Jesus"]
[Result "0-1"]
[WhiteElo "2380"]
[BlackElo "2455"]
[EventDate "1980.05.20"]
[PlyCount "72"]

1.c4 b6 2.Nc3 e6 3.a3 d5 4.d4 Nf6 5.Nf3 Be7 6.Bg5 O-O 7.e3 h6 8.Bh4 Bb7 9.
Bd3 dxc4 10.Bxc4 Nbd7 11.O-O c5 12.Qe2 a6 13.Rfd1 b5 14.Ba2 Ne4 15.d5 Nxc3
16.bxc3 exd5 17.Bxd5 Bxd5 18.Rxd5 Bxh4 19.Rad1 Ra7 20.Ne5 Nxe5 21.Rxd8 
Rxd8 22.Rxd8+ Bxd8 23.f4 Nc4 24.Qd3 Be7 25.Qd5 Nxa3 26.e4 c4 27.e5 b4 28.
cxb4 c3 29.e6 c2 30.Qc6 fxe6 31.Qxe6+ Kf8 32.Qf5+ Bf6 33.Qc8+ Kf7 34.Kf2 
Bb2 35.Qf5+ Kg8 36.Qe6+ Rf7 0-1

[Event "16th Capablanca Memorial group B"]
[Site "Cienfuegos CUB"]
[Date "1980.05.27"]
[Round "6"]
[White "Radulov, Ivan"]
[Black "Armas, Jorge"]
[Result "1-0"]
[WhiteElo "2465"]
[BlackElo "2415"]
[EventDate "1980.05.20"]
[PlyCount "63"]

1.e4 c5 2.Nf3 d6 3.d4 cxd4 4.Nxd4 Nf6 5.Nc3 Nc6 6.Bg5 e6 7.Qd2 Be7 8.O-O-O
O-O 9.f4 Nxd4 10.Qxd4 Qa5 11.Kb1 h6 12.Bh4 e5 13.fxe5 dxe5 14.Qf2 Be6 15.
Bxf6 Bxf6 16.Nd5 Bxd5 17.Rxd5 Rad8 18.Bc4 Qb4 19.Qe2 Rxd5 20.Bxd5 Qe7 21.
Rf1 b6 22.Rf3 Rc8 23.a3 Qc5 24.Bb3 Rd8 25.g3 Qg1+ 26.Rf1 Rd2 27.Bxf7+ Kf8 
28.Qc4 Rd1+ 29.Rxd1 Qxd1+ 30.Ka2 Qd7 31.Be6 Qd4 32.Qc7 1-0

[Event "16th Capablanca Memorial group B"]
[Site "Cienfuegos CUB"]
[Date "1980.05.27"]
[Round "6"]
[White "Vilela de Acuna, Jose Luis"]
[Black "Andres Mendez, Miguel"]
[Result "1-0"]
[WhiteElo "2410"]
[BlackElo "2345"]
[EventDate "1980.05.20"]
[PlyCount "80"]

1.c4 c5 2.Nc3 Nc6 3.g3 g6 4.Bg2 Bg7 5.a3 a6 6.Rb1 Rb8 7.b4 cxb4 8.axb4 b5 
9.cxb5 axb5 10.e3 e5 11.Nge2 Nge7 12.O-O O-O 13.d4 exd4 14.exd4 d5 15.Bf4 
Rb7 16.Qd2 Nf5 17.Bg5 Qd6 18.Nxd5 Nfxd4 19.Nxd4 Nxd4 20.Be3 Nf5 21.Bc5 Qd8
22.Bxf8 Qxf8 23.Qf4 h5 24.Rfe1 Rd7 25.Qb8 Rb7 26.Nf6+ Bxf6 27.Bxb7 Be6 28.
Qxf8+ Kxf8 29.Rxe6 fxe6 30.Be4 Kf7 31.Bxf5 exf5 32.Kf1 h4 33.Ke2 hxg3 34.
hxg3 Ke6 35.Ke3 Kd5 36.Rh1 Bd4+ 37.Kd3 Bxf2 38.Rh6 Bxg3 39.Rxg6 Bd6 40.Kc3
Ke4 1-0

[Event "16th Capablanca Memorial group B"]
[Site "Cienfuegos CUB"]
[Date "1980.05.27"]
[Round "6"]
[White "Zapata Ramirez, Alonso"]
[Black "Remon Gay, Adelquis"]
[Result "1-0"]
[WhiteElo "2410"]
[BlackElo "2395"]
[EventDate "1980.05.20"]
[PlyCount "55"]

1.e4 c5 2.Nf3 d6 3.d4 cxd4 4.Nxd4 Nf6 5.Nc3 e6 6.f4 Nc6 7.Nb3 a6 8.Bd3 Qc7
9.O-O Be7 10.Qe2 O-O 11.Bd2 b5 12.Rae1 b4 13.Nd1 e5 14.Ne3 exf4 15.Rxf4 
Be6 16.Kh1 a5 17.c3 Ne5 18.Bb1 bxc3 19.Bxc3 Nfd7 20.Nd4 Ng6 21.Rff1 Bf6 
22.Rd1 Be5 23.Qd2 Qc5 24.Nef5 Nb6 25.b3 Bxf5 26.exf5 Ne7 27.f6 Bxf6 28.
Rxf6 1-0

[Event "16th Capablanca Memorial group B"]
[Site "Cienfuegos CUB"]
[Date "1980.05.28"]
[Round "7"]
[White "Andres Mendez, Miguel"]
[Black "Ftacnik, Lubomir"]
[Result "1/2-1/2"]
[WhiteElo "2345"]
[BlackElo "2470"]
[EventDate "1980.05.20"]
[PlyCount "66"]

1.e4 c5 2.Nf3 d6 3.d4 Nf6 4.dxc5 Qa5+ 5.Bd2 Qxc5 6.Nc3 a6 7.Be2 g6 8.O-O 
Bg7 9.Be3 Qc7 10.Nd5 Nxd5 11.exd5 Bxb2 12.Rb1 Bg7 13.Bb6 Qd7 14.Bd4 O-O 
15.Bxg7 Kxg7 16.Qd4+ Kg8 17.Rfe1 e5 18.dxe6 fxe6 19.Rbd1 d5 20.c4 Nc6 21.
Qe3 Ne7 22.Nd4 Qd6 23.Qg5 Nc6 24.Bf3 Qf4 25.Qxf4 Rxf4 26.Nxe6 Bxe6 27.cxd5
Bd7 28.dxc6 Bxc6 29.Bxc6 bxc6 30.Rc1 Rc8 31.Re6 Ra4 32.Rexc6 Rxc6 33.Rxc6 
Rxa2 1/2-1/2

[Event "16th Capablanca Memorial group B"]
[Site "Cienfuegos CUB"]
[Date "1980.05.28"]
[Round "7"]
[White "Armas, Jorge"]
[Black "Ortega, Lexy"]
[Result "1-0"]
[WhiteElo "2415"]
[BlackElo "2380"]
[EventDate "1980.05.20"]
[PlyCount "55"]

1.e4 c5 2.Nc3 Nc6 3.Nge2 e5 4.Nd5 d6 5.Nec3 Nf6 6.Bc4 Be7 7.O-O O-O 8.d3 
Nxd5 9.Nxd5 Bg5 10.f4 exf4 11.Bxf4 Be6 12.Qh5 Bxf4 13.Rxf4 Ne5 14.Rh4 h6 
15.Rf1 Bxd5 16.Bxd5 Qg5 17.Qxg5 hxg5 18.Rh5 g4 19.Rhf5 g6 20.Rf6 Rad8 21.
R6f4 Kg7 22.c3 f6 23.d4 Nd3 24.Rxg4 b5 25.b3 b4 26.Rg3 Nb2 27.Rb1 bxc3 28.
Rxc3 1-0

[Event "16th Capablanca Memorial group B"]
[Site "Cienfuegos CUB"]
[Date "1980.05.28"]
[Round "7"]
[White "Estevez Morales, Guillermo"]
[Black "Radulov, Ivan"]
[Result "0-1"]
[WhiteElo "2390"]
[BlackElo "2465"]
[EventDate "1980.05.20"]
[PlyCount "73"]

1.e4 c5 2.Nf3 Nc6 3.Bb5 g6 4.O-O Bg7 5.Nc3 e5 6.Bxc6 dxc6 7.h3 f6 8.d3 Nh6
9.Be3 b6 10.Qd2 Nf7 11.Nh2 g5 12.Ne2 h5 13.f3 Qe7 14.a4 a5 15.Ng3 h4 16.
Ne2 O-O 17.Kh1 Nd8 18.c3 Ne6 19.Qc2 Bh6 20.g3 f5 21.gxh4 fxe4 22.dxe4 Nf4 
23.Bxf4 gxf4 24.Rg1+ Kh7 25.Rg2 Ba6 26.Rag1 Qxh4 27.Qb3 Rab8 28.Qe6 Qf6 
29.Qd7+ Qf7 30.Qxf7+ Rxf7 31.Rd1 Bf8 32.Ng4 Re8 33.Nc1 c4 34.Rgd2 b5 35.
Rd7 Kg8 36.Rd8 Rxd8 37.Rxd8 0-1

[Event "16th Capablanca Memorial group B"]
[Site "Cienfuegos CUB"]
[Date "1980.05.28"]
[Round "7"]
[White "Groszpeter, Attila"]
[Black "Zapata Ramirez, Alonso"]
[Result "1/2-1/2"]
[WhiteElo "2480"]
[BlackElo "2410"]
[EventDate "1980.05.20"]
[PlyCount "83"]

1.e4 c5 2.Nf3 Nc6 3.Bb5 e6 4.O-O Nge7 5.Nc3 a6 6.Bxc6 Nxc6 7.d4 cxd4 8.
Nxd4 Be7 9.Nxc6 bxc6 10.e5 O-O 11.Ne4 f6 12.exf6 Bxf6 13.Nxf6+ Qxf6 14.f4 
d5 15.c3 e5 16.fxe5 Qxe5 17.Rxf8+ Kxf8 18.Qf3+ Kg8 19.Bf4 Qe7 20.Bg3 Qf7 
21.Be5 Qxf3 22.gxf3 Bf5 23.Kf2 Re8 24.f4 Kf7 25.Rg1 g6 26.h4 h5 27.Rd1 Ke6
28.Rd4 c5 29.Ra4 Bd3 30.b3 Rc8 31.Ke3 Bb5 32.Ra5 Kf5 33.a4 Bf1 34.Bd6 Kg4 
35.Bxc5 Kxh4 36.Bd4 Re8+ 37.Kf2 Bd3 38.Rxd5 Re2+ 39.Kf3 Be4+ 40.Kxe2 Bxd5 
41.c4 Bc6 42.Be5 1/2-1/2

[Event "16th Capablanca Memorial group B"]
[Site "Cienfuegos CUB"]
[Date "1980.05.28"]
[Round "7"]
[White "Nogueiras Santiago, Jesus"]
[Black "Vilela de Acuna, Jose Luis"]
[Result "1/2-1/2"]
[WhiteElo "2455"]
[BlackElo "2410"]
[EventDate "1980.05.20"]
[PlyCount "106"]

1.d4 Nf6 2.Nf3 e6 3.g3 b6 4.Bg2 Bb7 5.c4 Be7 6.O-O O-O 7.Nc3 Ne4 8.Bd2 Bf6
9.Rc1 d5 10.cxd5 exd5 11.b4 Re8 12.Bf4 c5 13.bxc5 bxc5 14.Nb5 g5 15.Bxb8 
Rxb8 16.dxc5 Rc8 17.Nxa7 Rxc5 18.Rxc5 Nxc5 19.Nb5 Ne4 20.Nfd4 Qb6 21.a4 
Ba6 22.Nf5 Bxb5 23.axb5 Nc3 24.Qd3 Qxb5 25.Qxb5 Nxb5 26.Bxd5 Nd4 27.Nxd4 
Bxd4 28.e3 Ba7 29.Rb1 Re7 30.Kg2 Kg7 31.e4 Bd4 32.f4 gxf4 33.gxf4 f6 34.
Rd1 Bb2 35.Kf3 Kh6 36.Rd2 Bc3 37.Rd3 Bb2 38.Kg4 Kg6 39.Rg3 f5+ 40.exf5+ 
Kf6 41.Rb3 Bd4 42.Rb4 Bg1 43.Ra4 Rg7+ 44.Kf3 Ra7 45.Rc4 Kxf5 46.Be4+ Kf6 
47.Rc6+ Kg7 48.h4 Ra3+ 49.Kg4 Ra4 50.Kf5 Be3 51.Rc7+ Kh6 52.h5 Ra2 53.Rc6+
Kxh5 1/2-1/2

[Event "16th Capablanca Memorial group B"]
[Site "Cienfuegos CUB"]
[Date "1980.05.28"]
[Round "7"]
[White "Remon Gay, Adelquis"]
[Black "Diaz Diaz, Joaquin"]
[Result "1-0"]
[WhiteElo "2395"]
[BlackElo "2400"]
[EventDate "1980.05.20"]
[PlyCount "65"]

1.d4 Nf6 2.c4 e6 3.Nc3 Bb4 4.e3 O-O 5.Bd3 d5 6.cxd5 exd5 7.a3 Bxc3+ 8.bxc3
c5 9.Ne2 Re8 10.f3 Nbd7 11.O-O b6 12.Ng3 Bb7 13.Qe1 Rc8 14.Bd2 Nf8 15.Qf2 
Ne6 16.Nf5 Qd7 17.Qh4 Nf8 18.g4 Ng6 19.Qg3 Re6 20.h4 Kh8 21.h5 Nf8 22.Qh4 
Ne8 23.Rf2 Qc7 24.Rh2 Nd6 25.g5 Nc4 26.Bxc4 dxc4 27.e4 b5 28.d5 Rb6 29.Bf4
Qd8 30.Be5 f6 31.gxf6 gxf6 32.Qg3 Qd7 33.Rg2 1-0

[Event "16th Capablanca Memorial group B"]
[Site "Cienfuegos CUB"]
[Date "1980.05.28"]
[Round "7"]
[White "Sisniega Campbell, Marcel"]
[Black "Knaak, Rainer"]
[Result "1-0"]
[WhiteElo "2420"]
[BlackElo "2535"]
[EventDate "1980.05.20"]
[PlyCount "41"]

1.e4 e6 2.d4 d5 3.Nc3 Bb4 4.e5 c5 5.a3 Bxc3+ 6.bxc3 Ne7 7.Nf3 Nbc6 8.a4 
Qa5 9.Qd2 f6 10.Bd3 fxe5 11.dxe5 c4 12.Be2 Ng6 13.O-O Bd7 14.Ba3 O-O-O 15.
Bd6 Rde8 16.Rfb1 Nd8 17.Nd4 Nf7 18.Nb5 Ngxe5 19.Bxe5 Nxe5 20.Nd6+ Kb8 21.
Qe3 1-0

[Event "16th Capablanca Memorial group B"]
[Site "Cienfuegos CUB"]
[Date "1980.05.29"]
[Round "8"]
[White "Armas, Jorge"]
[Black "Estevez Morales, Guillermo"]
[Result "1/2-1/2"]
[WhiteElo "2415"]
[BlackElo "2390"]
[EventDate "1980.05.20"]
[PlyCount "38"]

1.e4 c5 2.Ne2 d6 3.Nbc3 g6 4.h4 Nf6 5.Ng3 h5 6.d3 Bg7 7.Bg5 Nc6 8.Qd2 Nd4 
9.Nd1 Ne6 10.Be2 Nxg5 11.hxg5 Nh7 12.Bxh5 gxh5 13.Nxh5 Rg8 14.c4 e6 15.Ne3
Bd7 16.Ng4 Qb6 17.Nxg7+ Rxg7 18.O-O-O O-O-O 19.Rh6 Rdg8 1/2-1/2

[Event "16th Capablanca Memorial group B"]
[Site "Cienfuegos CUB"]
[Date "1980.05.29"]
[Round "8"]
[White "Diaz Diaz, Joaquin"]
[Black "Groszpeter, Attila"]
[Result "0-1"]
[WhiteElo "2400"]
[BlackElo "2480"]
[EventDate "1980.05.20"]
[PlyCount "44"]

1.e4 c5 2.Nf3 d6 3.d4 cxd4 4.Nxd4 Nf6 5.Nc3 a6 6.f4 e5 7.Nf3 Nbd7 8.Bd3 b5
9.a3 Bb7 10.O-O g6 11.Kh1 Bg7 12.Qe1 O-O 13.f5 gxf5 14.Nh4 f4 15.Nf5 Nc5 
16.b4 Ne6 17.g3 Rc8 18.gxf4 Rxc3 19.fxe5 dxe5 20.Nxg7 Rxd3 21.Nxe6 Nxe4 
22.Nxd8 Nf2+ 0-1

[Event "16th Capablanca Memorial group B"]
[Site "Cienfuegos CUB"]
[Date "1980.05.29"]
[Round "8"]
[White "Knaak, Rainer"]
[Black "Andres Mendez, Miguel"]
[Result "0-1"]
[WhiteElo "2535"]
[BlackElo "2345"]
[EventDate "1980.05.20"]
[PlyCount "80"]

1.d4 Nf6 2.c4 c5 3.d5 g6 4.Nc3 Bg7 5.e4 d6 6.Bd3 O-O 7.Nge2 e6 8.O-O exd5 
9.cxd5 b6 10.a4 Na6 11.h3 Nb4 12.Bb1 a6 13.Bg5 h6 14.Be3 Re8 15.Qd2 Kh7 
16.f4 Rb8 17.Rd1 b5 18.a5 c4 19.Ng3 Nd3 20.Bxd3 cxd3 21.b4 h5 22.Qxd3 h4 
23.Nf1 Nxe4 24.Nxe4 Bf5 25.Rac1 Rxe4 26.Qb3 Qe7 27.Rc6 Re8 28.Rxa6 Rxe3 
29.Nxe3 Qxe3+ 30.Qxe3 Rxe3 31.Rb6 Re2 32.a6 Ra2 33.Rxb5 Rxa6 34.Ra5 Rb6 
35.b5 Bc3 36.Ra6 Rxb5 37.Rxd6 Bc2 38.Rc1 Bd4+ 39.Kh1 Rb2 40.Re1 Be4 0-1

[Event "16th Capablanca Memorial group B"]
[Site "Cienfuegos CUB"]
[Date "1980.05.29"]
[Round "8"]
[White "Ortega, Lexy"]
[Black "Vilela de Acuna, Jose Luis"]
[Result "1/2-1/2"]
[WhiteElo "2380"]
[BlackElo "2410"]
[EventDate "1980.05.20"]
[PlyCount "114"]

1.c4 e6 2.Nc3 d5 3.d4 c6 4.cxd5 exd5 5.Bf4 Nf6 6.e3 Bf5 7.Bd3 Bxd3 8.Qxd3 
Nbd7 9.Nf3 Be7 10.O-O O-O 11.Rfd1 Re8 12.Rab1 a5 13.Qc2 Nf8 14.a3 Bd6 15.
Bxd6 Qxd6 16.b4 axb4 17.axb4 b5 18.Ne5 N8d7 19.Nxd7 Nxd7 20.Ne2 Nb6 21.Qc5
Nc4 22.Ra1 g6 23.h3 Reb8 24.Qxd6 Nxd6 25.Nc3 Nc4 26.Kf1 Kf8 27.Ke2 Ke7 28.
f3 f5 29.g4 Kf6 30.gxf5 gxf5 31.e4 fxe4 32.fxe4 dxe4 33.Rxa8 Rxa8 34.d5 
cxd5 35.Rxd5 Ra3 36.Nxe4+ Ke6 37.Rd3 Ra2+ 38.Ke1 Rb2 39.Ng5+ Ke5 40.Nxh7 
Ke4 41.Rd8 Rxb4 42.h4 Rb1+ 43.Ke2 Rb2+ 44.Kd1 b4 45.Nf6+ Kf5 46.Rd4 Rb1+ 
47.Ke2 Na3 48.Nd5 b3 49.Rb4 b2 50.Ne3+ Kg6 51.Kd3 Kh5 52.Rb6 Kxh4 53.Kc3 
Kg3 54.Rxb2 Rc1+ 55.Kb3 Nb5 56.Nf5+ Kf4 57.Rf2+ Ke4 1/2-1/2

[Event "16th Capablanca Memorial group B"]
[Site "Cienfuegos CUB"]
[Date "1980.05.29"]
[Round "8"]
[White "Radulov, Ivan"]
[Black "Remon Gay, Adelquis"]
[Result "1-0"]
[WhiteElo "2465"]
[BlackElo "2395"]
[EventDate "1980.05.20"]
[PlyCount "66"]

1.e4 c5 2.Nf3 Nc6 3.d4 cxd4 4.Nxd4 Nf6 5.Nc3 e5 6.Ndb5 d6 7.a4 Be6 8.Nd5 
Bxd5 9.exd5 Nb8 10.c4 Nbd7 11.a5 Be7 12.Be2 O-O 13.O-O Ne8 14.Be3 a6 15.
Nc3 f5 16.f3 Rc8 17.b4 Bg5 18.Qd2 Bxe3+ 19.Qxe3 Nef6 20.Na4 Nh5 21.Rfd1 
Rf6 22.c5 Rh6 23.c6 bxc6 24.dxc6 Rxc6 25.b5 axb5 26.Bxb5 Rc7 27.Rac1 Rxc1 
28.Rxc1 Nf4 29.g3 Qg5 30.Rc8+ Kf7 31.Qa7 Nh3+ 32.Kf1 Re6 33.Qxd7+ Re7 1-0

[Event "16th Capablanca Memorial group B"]
[Site "Cienfuegos CUB"]
[Date "1980.05.29"]
[Round "8"]
[White "Zapata Ramirez, Alonso"]
[Black "Sisniega Campbell, Marcel"]
[Result "1-0"]
[WhiteElo "2410"]
[BlackElo "2420"]
[EventDate "1980.05.20"]
[PlyCount "85"]

1.e4 c5 2.Nf3 Nc6 3.d4 cxd4 4.Nxd4 Nf6 5.Nc3 e6 6.Ndb5 Bb4 7.a3 Bxc3+ 8.
Nxc3 d5 9.exd5 exd5 10.Bd3 Bg4 11.Ne2 Qb6 12.O-O O-O 13.Kh1 Rfe8 14.f3 Bd7
15.Bg5 Ne5 16.Nd4 Rac8 17.Bf5 Nc4 18.b3 Ne3 19.Bxe3 Rxe3 20.Qd2 Rce8 21.
Bd3 Nh5 22.g4 Nf4 23.Be4 dxe4 24.Qxe3 Nd5 25.Qg1 e3 26.Ne2 Bc6 27.Qg3 Qa5 
28.c4 Nf6 29.Rfd1 h5 30.g5 h4 31.Qf4 Ne4 32.Kg2 Nc3 33.Re1 Nxe2 34.Rxe2 
Qc3 35.Rae1 Qxb3 36.Rxe3 Rxe3 37.Qxe3 Qxc4 38.Rd1 f6 39.Rd2 a5 40.Qd4 Qb3 
41.Qd3 Qa4 42.Qe3 Kf7 43.Kf2 {not complete} 1-0

[Event "16th Capablanca Memorial group B"]
[Site "Cienfuegos CUB"]
[Date "1980.06.01"]
[Round "9"]
[White "Andres Mendez, Miguel"]
[Black "Zapata Ramirez, Alonso"]
[Result "0-1"]
[WhiteElo "2345"]
[BlackElo "2410"]
[EventDate "1980.05.20"]
[PlyCount "87"]

1.Nf3 Nf6 2.g3 g6 3.b3 Bg7 4.Bb2 d6 5.d4 O-O 6.Bg2 Nbd7 7.O-O Re8 8.c4 e5 
9.dxe5 Ng4 10.h3 Nh6 11.Nc3 dxe5 12.e4 f6 13.Qc2 c6 14.Nd1 Nc5 15.Ne3 a5 
16.Rad1 Qb6 17.Bc3 Be6 18.Kh1 Rad8 19.Rxd8 Rxd8 20.Rd1 Nf7 21.Ne1 Bc8 22.
Nd3 Bf8 23.Kg1 Ng5 24.Nxc5 Bxc5 25.Rxd8+ Qxd8 26.h4 Ne6 27.Qd2 Qxd2 28.
Bxd2 b6 29.Nc2 Kf7 30.Kf1 Ke7 31.Ke2 Kd6 32.Be1 Bd4 33.Kd2 a4 34.Bh3 Bb2 
35.Nb4 Bd7 36.Nc2 axb3 37.axb3 Nc5 38.Bxd7 Nxb3+ 39.Ke2 Kxd7 40.Nb4 Bd4 
41.f3 Bc5 42.Na6 Nd4+ 43.Kd3 Bd6 44.c5 0-1

[Event "16th Capablanca Memorial group B"]
[Site "Cienfuegos CUB"]
[Date "1980.06.01"]
[Round "9"]
[White "Groszpeter, Attila"]
[Black "Radulov, Ivan"]
[Result "0-1"]
[WhiteElo "2480"]
[BlackElo "2465"]
[EventDate "1980.05.20"]
[PlyCount "90"]

1.e4 c5 2.f4 g6 3.Nf3 Bg7 4.Be2 e6 5.d4 cxd4 6.Nxd4 d5 7.exd5 exd5 8.Bb5+ 
Bd7 9.Bxd7+ Nxd7 10.O-O Ngf6 11.c3 O-O 12.Nd2 Nc5 13.N2f3 Qb6 14.Kh1 Rae8 
15.f5 Ng4 16.h3 Ne3 17.Bxe3 Rxe3 18.Qc2 Ne4 19.Rfe1 Ng3+ 20.Kh2 Qd6 21.Kg1
Bh6 22.Qf2 Rfe8 23.Nc2 Re2 24.Nfd4 R2e4 25.Qf3 Bf4 26.fxg6 fxg6 27.Qd3 Rf8
28.Rad1 Rxe1+ 29.Rxe1 Ne4 30.Nf3 Bg3 31.Rf1 b6 32.Ne3 h5 33.c4 Qb8 34.cxd5
Re8 35.d6 Qxd6 36.Qxd6 Nxd6 37.Nd5 Re2 38.Ng5 Rxb2 39.a4 Re2 40.Rd1 Kg7 
41.Nf3 Ne4 42.Rf1 Nf6 43.Nc3 Rc2 44.Nb5 a6 45.Nbd4 Ra2 0-1

[Event "16th Capablanca Memorial group B"]
[Site "Cienfuegos CUB"]
[Date "1980.06.01"]
[Round "9"]
[White "Sisniega Campbell, Marcel"]
[Black "Diaz Diaz, Joaquin"]
[Result "0-1"]
[WhiteElo "2420"]
[BlackElo "2400"]
[EventDate "1980.05.20"]
[PlyCount "60"]

1.c4 Nf6 2.Nc3 e6 3.e4 d5 4.e5 d4 5.exf6 dxc3 6.bxc3 Qxf6 7.d4 c5 8.Nf3 
cxd4 9.Bg5 Qf5 10.cxd4 Nc6 11.Bd3 Qa5+ 12.Kf1 Nxd4 13.Bd2 Qa3 14.Bc1 Qc3 
15.Rb1 Nxf3 16.Qxf3 Ba3 17.c5 Bd7 18.Bxa3 Qxa3 19.Rxb7 Qxc5 20.h4 Qc1+ 21.
Ke2 Qxh1 22.Rxd7 O-O 23.h5 Rab8 24.Rc7 Rb2+ 25.Rc2 Rxc2+ 26.Bxc2 Rd8 27.a4
Qc1 28.Qc3 Qg5 29.Qc7 Qxh5+ 30.f3 Qg5 0-1